000
00251nam a2200097Ia 4500
001
1196600
005
20250827021809.0
008
250824s9999 xx 000 0 und d
245
0
_a
NİNATTATNIN BİLEZİĞİ
_c
AHMET ÜMİT
260
_b
EVEREST YAYINLARI
999
_c
1196600
_d
1196600